| 000 -LEADER |
| fixed length control field |
00788pam a2200229 a 4500 |
| 005 - DATE AND TIME OF LATEST TRANSACTION |
| control field |
20131125035212.0 |
| 008 - FIXED-LENGTH DATA ELEMENTS--GENERAL INFORMATION |
| fixed length control field |
930520s1993 maua b 001 0 eng |
| 020 ## - INTERNATIONAL STANDARD BOOK NUMBER |
| International Standard Book Number |
0807002208 |
| 020 ## - INTERNATIONAL STANDARD BOOK NUMBER |
| International Standard Book Number |
0807002216 |
| 041 ## - LANGUAGE CODE |
| Language code of text/sound track or separate title |
eng |
| 080 ## - UNIVERSAL DECIMAL CLASSIFICATION NUMBER |
| Universal Decimal Classification number |
342 |
| 245 00 - TITLE STATEMENT |
| Title |
State of the peoples : |
| Statement of responsibility, etc |
Marc S. Miller, project director, with the staff of Cultural Survival. |
| 260 ## - |
| -- |
Boston : |
| -- |
Beacon Press, |
| -- |
c1993. |
| 300 ## - |
| -- |
262 f. : |
| -- |
ill. ; |
| -- |
25 cm. |
| 500 ## - |
| -- |
Preface : f. VII - IX |
| 504 ## - BIBLIOGRAPHY, ETC. NOTE |
| Bibliography, etc |
Includes bibliographical references (p. 256) and index. |
| 650 #0 - |
| -- |
Njerëzit vendës |
| -- |
Statusi ligjor, ligji. |
| 650 #0 - |
| -- |
E drejta publike |
| 700 1# - |
| -- |
Miller, Marc S., |
| -- |
1947- |
| 710 2# - |
| -- |
Cultural Survival Inc. |
| 942 ## - ADDED ENTRY ELEMENTS (KOHA) |
| Source of classification or shelving scheme |
|
| Item type |
Books |